[Event "GRE-chT Online Rapid op 1st"]
[Site "Tornelo INT"]
[Date "2021.02.21"]
[Round "7.32"]
[White "Provias, Christos"]
[Black "Fournarakis, Polychronis"]
[Result "0-1"]
[WhiteElo "1204"]
[BlackElo "1106"]
[PlyCount "72"]
[EventDate "2021.02.20"]
[EventType "team-swiss (rapid)"]
[EventRounds "9"]
[EventCountry "GRE"]
[SourceTitle "EXT 2023"]
[Source "ChessBase"]
[SourceDate "2022.10.05"]
[SourceVersion "1"]
[SourceVersionDate "2022.10.05"]
[SourceQuality "1"]

1. e4 e6 2. d4 d5 3. exd5 exd5 4. Bd3 Nf6 5. Nf3 Bd6 6. 0-0 0-0 7. Re1 Bg4 8. Bg5 h6 9. Bh4 Nbd7 10. Nbd2 c6 11. c3 Qc7 12. Qc2 Rfe8 13. h3 Be6 14. Bxf6 Nxf6 15. Ne5 c5 16. f4 cxd4 17. cxd4 Qb6 18. Ndf3 Rac8 19. Qf2 Re7 20. Rac1 Rce8 21. Re2 Nh5 22. Qh4 Nxf4 23. Qxf4 f6 24. Kh1 fxe5 25. Nxe5 Rf8 26. Qd2 Bxe5 27. Rxe5 Ref7 28. Rce1 Bf5 29. Bxf5 Rxf5 30. Qc2 Rf2 31. R1e2 Rf1+ 32. Kh2 Qxd4 33. Qg6 Qf4+ 34. Qg3 Rh1+ 35. Kxh1 Qxg3 36. Rxd5 Rf1# 0-1

[Event "GRE-chT Online Rapid op 1st"]
[Site "Tornelo INT"]
[Date "2021.02.20"]
[Round "3.35"]
[White "Fournarakis, Polychronis"]
[Black "Agrafiotis, Ioannis Stylianos"]
[Result "1-0"]
[WhiteElo "1106"]
[BlackElo "1185"]
[PlyCount "57"]
[EventDate "2021.02.20"]
[EventType "team-swiss (rapid)"]
[EventRounds "9"]
[EventCountry "GRE"]
[SourceTitle "EXT 2023"]
[Source "ChessBase"]
[SourceDate "2022.10.05"]
[SourceVersion "1"]
[SourceVersionDate "2022.10.05"]
[SourceQuality "1"]

1. d4 Nf6 2. c4 d5 3. Nc3 e6 4. Nf3 c5 5. Bg5 Be7 6. e3 Nc6 7. dxc5 Bxc5 8. cxd5 Nb8 9. Bb5+ Kf8 10. dxe6 Qxd1+ 11. Rxd1 Be7 12. exf7 Kxf7 13. 0-0 h6 14. Bc4+ Kf8 15. Bh4 Nc6 16. Bb3 Bg4 17. h3 Bxf3 18. gxf3 g5 19. Bg3 Kg7 20. Kg2 Rhf8 21. Nd5 Nxd5 22. Rxd5 b6 23. Rd7 Kf6 24. Rfd1 Bc5 25. R7d6+ Bxd6 26. Rxd6+ Ke7 27. Rxc6 Rac8 28. Re6+ Kd7 29. Rxh6 1-0